| Поле | Инд. | ПП | Название | Значение |
|---|---|---|---|---|
| Тип записи | a | |||
| Библиографический уровень | m | |||
| 001 | Контрольный номер | f0b02eba-3eb9-4a88-a121-8f83f67f8c8c | ||
| 005 | Дата корректировки | 20211027101559.5 | ||
| 008 | Кодируемые данные | 990316 d | ||
| 040 | a | Служба первич. каталог. | НБ ТвГУ | |
| 041 | 0_ | a | Код языка текста | rus |
| 080 | a | Индекс УДК | 882.09 | |
| a | Индекс УДК | 929Грибоедов | ||
| 084 | a | Индекс другой классификации/Индекс ББК | Ш5(2=411.2)51-4Грибоедов А.С. | |
| 090 | x | Авторский знак | О-66 | |
| a | Полочн. индекс | Ш5(2=411.2) | ||
| 100 | 1_ | a | Автор | Орлов Владимир Николаевич |
| e | Роль лиц | Автор | ||
| 245 | 10 | a | Заглавие | Грибоедов |
| b | Продолж. заглавия | очерк жизни и творчества | ||
| c | Ответственность | В. Н. Орлов | ||
| 250 | a | Основные сведения об издании | 2-е изд., доп. | |
| 260 | 0_ | a | Место издания | Москва |
| b | Издательство | Гослитиздат | ||
| c | Дата издания | 1954 | ||
| 300 | a | Объем | 274, [1] с., [1] л. портр. | |
| 653 | 0_ | a | Ключевые слова | Грибоедов Александр Сергеевич |
| a | Ключевые слова | Литература | ||
| a | Ключевые слова | Литературоведение | ||
| a | Ключевые слова | Русская литература 19 в. | ||
| a | Ключевые слова | 19 в. | ||
| a | Ключевые слова | Писатели | ||
| a | Ключевые слова | Русские писатели | ||
| a | Ключевые слова | Персоналии | ||
| 852 | 41 | i | Расстановочный признак | Проверка 2021 |
| 901 | t | Тип документа | m | |
| 920 | a | Оператор | Рунт | |
| a | Оператор | Хохл | ||
| a | Оператор | Лиси | ||
| 930 | a | Новая/Ретро | Перешифровка | |
| 952 | c | Вид литературы | К рн | |
| 954 | a | Дата поступления на обработку | 19990309 | |
| e | Дата перешифровки | 20210622 | ||
| 954 | a | Дата поступления на обработку | 20211027 |